|
|
|
|
| LEADER |
00921nab a2200193 i 4500 |
| 001 |
misc43052 |
| 005 |
20191106141338.0 |
| 008 |
180731s1991 hu o 0|| zxx d |
| 022 |
|
|
|a 1215-5233
|
| 040 |
|
|
|a SZTE Miscellanea Repozitórium
|b hun
|
| 041 |
|
|
|a zxx
|
| 100 |
1 |
|
|a Kamarás István
|
| 245 |
1 |
0 |
|a Mi is mozgatja az olvasót? És merre?
|h [elektronikus dokumentum] :
|b Nagy Attila: Keresik életük értelmét? : olvasás - könyvtár - szocializáció című könyvéről /
|c Kamarás István
|
| 260 |
|
|
|c 1991
|
| 300 |
|
|
|a 112-115
|
| 490 |
0 |
|
|a Iskolakultúra
|v 1 No. 7-8
|
| 695 |
|
|
|a Ifjúság - olvasásszociológia - tanulmányok - könyvismertetés, Olvasásszociológia - ifjúságé - tanulmányok, Könyvtárhasználat - Magyarország - ifjúság - tanulmányok - könyvismertetés
|
| 700 |
0 |
1 |
|a Nagy Attila
|
| 856 |
4 |
0 |
|u http://misc.bibl.u-szeged.hu/43052/1/iskolakultura_1991_007_008_112-115.pdf
|z Dokumentum-elérés
|